000 00804cam a2200217 i 4500
001 14073
003 Mx-PuUPA
005 20251003104405.0
008 140415s2014 a gr 000 0 eng d
020 _a9783848719143
040 _cMx-PuUPA
041 0 _aeng
082 0 4 _axx
_bxx
_223
245 _aGlobal funds and networks :
_bnarrowing the gap between global policies and national implementation /
_cLena Lázaro Rüther, Citlali Ayala Martínez, Ulrich Müller, editores
300 _a309 páginas :
_bilustraciones ;
_c23 cm
700 1 _aLázaro Rüther, Lena,
_eeditor
700 1 _aAyala Martínez, Citlali,
_eeditor
_917486
700 1 _aMüller, Ulrich,
_eeditor
942 _2ddc
_cLI
_hxx
_ixx
999 _c14073
_d14073